Nonlinear Control Systems : Analysis and Design
Na minha lista:
| Autor principal: | |
|---|---|
| Formato: | Livro |
| Idioma: | inglês |
| Publicado em: |
Hoboken :
John Wiley & Sons,
2003
|
| Edição: | [1. vyd.] |
| Assuntos: | |
| Tags: |
Sem tags, seja o primeiro a adicionar uma tag!
|
MARC
| LEADER | 00000nam a22000003a 4500 | ||
|---|---|---|---|
| 001 | stu127354 | ||
| 005 | 20190206124547.5 | ||
| 008 | 061004s2003----xxu-----------------eng-d | ||
| 020 | |a 0-471-42799-3 | ||
| 040 | |a STU |b slo | ||
| 041 | 0 | |a eng | |
| 044 | |a xxu | ||
| 080 | |a 681.511.4 | ||
| 100 | 1 | |a Marquez, Horacio J. |4 aut | |
| 245 | 1 | |a Nonlinear Control Systems : |b Analysis and Design | |
| 250 | |a [1. vyd.] | ||
| 260 | |a Hoboken : |b John Wiley & Sons, |c 2003 | ||
| 300 | |a 352 s | ||
| 650 | 7 | |a nelineárne riadiace systémy |2 stusub | |
| 996 | |b 284J029468 |c J*105968 |l JJK1 |s P |a 0 |w stu127354_0001 | ||